000 00625nam a2200169 a 4500
001 000045962
005 20201002052540.0
008 150603s2015 dr 000 0 spa d
020 _a9789945082821
040 _aDO-SdBNP
_bspa
_cBNPHU
100 1 _aNicasio Rodríguez, Irma
_974036
245 1 0 _aManual de metodología de investigación :
_baplicada a las ciencias sociales y jurídicas con perspectiva de género /
_cIrma Nicasio Rodríguez.
260 _aSanto Domingo :
_bBúho,
_c2015.
300 _a321 p. ;
_c26 cm.
500 _aIncluye datos biográficos de la autora en la solapa
504 _aBibliografía p: 319-321
999 _c45451
_d45451